MARC

LEADER 00000nam2a2200000 4500
001 685919
005 20260402104952.0
090 |a 685919 
100 |a 20260402d2025 k||y0rusy50 ca 
101 0 |a rus 
102 |a BY 
105 |a a z 001yy 
135 |a drcn ---uucaa 
181 0 |a i   |b  e  
182 0 |a b 
183 0 |a cr  |2 RDAcarrier 
200 0 |a Т. 46, № 5 
210 |d 2025 
283 |a online_resource  |2 RDAcarrier 
320 |a Библиография в конце статей 
336 |a Текстовый файл 
371 0 |a AM_Agreement 
461 1 |0 380766  |9 380766  |t Трение и износ  |l Journal of Friction and Wear  |o научный журнал  |f Институт механики металлополимерных систем им. В. А. Белого НАН Беларуси  |c Гомель  |n Изд-во ИММС НАН Беларуси  |d 1980-  |v Т. 46, № 5  |x 0202-4977 
801 0 |a RU  |b 63413507  |c 20260402  |g PSBO 
850 |a 63413507 
856 4 0 |u https://elibrary.ru/contents.asp?id=89100344  |z https://elibrary.ru/contents.asp?id=89100344 
942 |c CF